000 008400000a22002650004500
003 LK-CoMWRAF
008 230817t ||||| |||| 00| 0 eng d
020 _a9551066030
040 _aLK-CoMWRAF
_dLK-CoMWRAF
_eLK-CoMWRAF
041 _aeng
100 _aSarvananthan, Muttukrishna
245 _aPost - Tsunami North & East Sri Lanka: Swindlers Hold Sway
_bWorking Paper 04
260 _bPoint Pedro Institute of Development
_aPoint Pedro (Sri Lanka)
_c2005
300 _ap.12
490 _aPPID Working Paper Series
650 _aAdulation of the LTTE
650 _aDiscrepancies in data
650 _aHousing
650 _aObjectives and Methodology
650 _aOther forms of corruption
650 _aPilferage of relief coupons
650 _aUnderpayment of cash grants
650 _aUndeserving claimants
942 _cBK
999 _c2278
_d2278